000 00398nam a22001697a 4500
003 MPLRDC
005 20220104123453.0
008 210129b ||||| |||| 00| 0 eng d
082 _a424.1 CX
100 _a程羲编译
245 _a减肥体操
_c
260 _a
_b星光出版社
_c1982
300 _b
490 _a双子星丛书. 177
650 _a健身体操
942 _cBK
_o424.1 CX
999 _c11682
_d11672